Music Quiz

Random Music or Billboard Quiz

Biggest Jumps on Billboard Quiz Stats

 Plays Quiz not verified by Sporcle

Challenge
Share
Tweet
Embed
Score 0/19 Timer 06:00
0 Plays Today
Artist (Week of Movement) Song % Correct
Kelly Clarkson (Feb. 7, 2009)My Life Would Suck Without You
78%
Britney Spears (Oct. 25, 2008)Womanizer
72.9%
Flo Rida (Feb. 28, 2009)Right Round
71.2%
T.I. ft. Rihanna (Oct. 18, 2008)Live Your Life
69.5%
Kelly Clarkson (Oct. 5, 2002)A Moment Like This
62.7%
T.I. (Sep. 6, 2008)Whatever You Like
58.5%
Maroon 5 (May 12, 2007)Makes Me Wonder
56.8%
Taio Cruz ft. Ludacris (Mar. 20, 2010)Break Your Heart
56.8%
Fergie (Aug. 12, 2006)London Bridge
56.8%
Akon ft. Eminem (Oct. 14, 2006)Smack That
55.1%
Artist (Week of Movement) Song % Correct
Eminem, Dr. Dre & 50 Cent (Feb. 21, 2009)Crack a Bottle
54.2%
Usher ft. Young Jeezy (Mar. 15, 2008)Love in This Club
50.8%
Beyoncé & Shakira (Apr. 7, 2007)Beautiful Liar
50%
A. R. Rahman & Pussycat Dolls ft. Nicole Scherzinger (Mar. 14, 2009)Jai Ho! (You Are My Destiny)
47.5%
Rihanna (May 24, 2008)Take a Bow
44.9%
Matchbox Twenty (Sep. 22, 2007)How Far We've Come
33.1%
Carrie Underwood (Oct. 10, 2009)Cowboy Casanova
32.2%
Zac Efron, Drew Seeley & Vanessa Anne Hudgens (Feb. 11, 2006)Breaking Free
28.8%
Glee Cast (June 12, 2010)Poker Face
8.5%

You're not logged in!

Compare scores with friends on all Sporcle quizzes.
Join for Free
OR
Log In

You Might Also Like...

Show Comments

Extras

Top Quizzes Today


Score Distribution

Your Account Isn't Verified!

In order to create a playlist on Sporcle, you need to verify the email address you used during registration. Go to your Sporcle Settings to finish the process.

Report this User

Report this user for behavior that violates our Community Guidelines.

Details: